|
|
|
|
| LEADER |
00743nam a2200193Ia 4500 |
| 008 |
140316s9999 xx 000 0 und d |
| 020 |
|
|
|a 8188087114
|
| 082 |
|
|
|a 813.1
|b NAR/BA
|
| 100 |
|
|
|a Narendra,Kohli
|
| 245 |
|
|
|a Bandhanam
|
| 260 |
|
|
|a Thiruvananthapuram
|b Cultural Publications Department
|c 2004
|
| 300 |
|
|
|a 751
|
| 650 |
|
|
|a Malayalam Novel
|
| 650 |
|
|
|a Novel
|
| 700 |
|
|
|a Sasi Kumar,M.K
|
| 942 |
|
|
|2 ddc
|c BK
|
| 999 |
|
|
|c 7618
|d 7618
|
| 952 |
|
|
|0 0
|1 0
|2 ddc
|4 0
|6 813_100000000000000_NARBA
|7 0
|9 8779
|a KAUCLV
|b KAUCLV
|c GENERAL
|d 2014-03-18
|l 2
|o 813.1 NAR/BA
|p 215591
|r 2018-10-24
|s 2018-10-05
|w 2014-03-18
|y BK
|
| 952 |
|
|
|0 0
|1 0
|2 ddc
|4 0
|6 813_100000000000000_NARBA
|7 0
|9 8780
|a KAUCLV
|b KAUCLV
|c GENERAL
|d 2014-03-18
|o 813.1 NAR/BA
|p 219577
|r 2014-03-18
|w 2014-03-18
|y BK
|